Online
Catalog

Basic modern mathematics : (Record no. 1500)

MARC details
000 -CABECERA
campo de control de longitud fija 00786nam a2200217 a 4500
001 - NÚMERO DE CONTROL
campo de control 000001606
005 - FECHA Y HORA DE LA ÚLTIMA TRANSACCIÓN
campo de control 20200929145633.0
008 - DATOS DE LONGITUD FIJA--INFORMACIÓN GENERAL
campo de control de longitud fija 831011s1965 caua 001 0 eng
040 ## - FUENTE DE LA CATALOGACIÓN
Centro catalogador/agencia de origen DO-SdBNP
Centro/agencia transcriptor ICU
Centro/agencia modificador DLC
082 ## - NÚMERO DE LA CLASIFICACIÓN DECIMAL DEWEY
Número de clasificación 372.72
Número de documento/Ítem E34b
100 1# - ENTRADA PRINCIPAL--NOMBRE DE PERSONA
Nombre de persona Eicholz, Robert E.
9 (RLIN) 5260
245 10 - MENCIÓN DE TÍTULO
Título Basic modern mathematics :
Resto del título second course /
Mención de responsabilidad, etc. Robert E. Eicholz, Phares G. O'Daffer ; autores de consultoría, Charles F. Brumfiel, Merrill E. Shanks.
260 ## - PUBLICACIÓN, DISTRIBUCIÓN, ETC.
Lugar de publicación, distribución, etc. California :
Nombre del editor, distribuidor, etc. Addison-Wesley Publishing Company,
Fecha de publicación, distribución, etc. 1965.
300 ## - DESCRIPCIÓN FÍSICA
Extensión 380 p. :
Otras características físicas il. ;
Dimensiones 24 cm.
650 #4 - PUNTO DE ACCESO ADICIONAL DE MATERIA--TÉRMINO DE MATERIA
Término de materia o nombre geográfico como elemento de entrada Aritmétca.
Subdivisión general Enseñanza elemental
9 (RLIN) 5261
700 1# - PUNTO DE ACCESO ADICIONAL--NOMBRE DE PERSONA
Nombre de persona O'Daffer, Phares G.
9 (RLIN) 5262
700 1# - PUNTO DE ACCESO ADICIONAL--NOMBRE DE PERSONA
Nombre de persona Brumfiel, Charles F.
9 (RLIN) 5263
700 1# - PUNTO DE ACCESO ADICIONAL--NOMBRE DE PERSONA
Nombre de persona Shanks, Merrill E.
9 (RLIN) 5264
910 ## - DATOS DE OPCIÓN DEL USUARIO (OCLC)
Datos de opción del usuario Catalogación original noche
910 ## - DATOS DE OPCIÓN DEL USUARIO (OCLC)
Datos de opción del usuario DC
Holdings
Estado de retiro Estado de pérdida Restricciones de uso No para préstamo Código de colección Localización permanente Ubicación/localización actual Ubicación en estantería Fecha de adquisición Número de inventario Total de préstamos Signatura topográfica completa Código de barras Fecha visto por última vez Precio válido a partir de Tipo de ítem Koha
    Préstamo interno   Monografías: Libros y Folletos General General En catalogación 16.09.2009 LF1   372.72 E34b 1606-10 25.06.2020 25.06.2020 Préstamo interno

Powered by Koha